| 000 | 01267nam0a22003251 4500 | ||
|---|---|---|---|
| 001 | v19\rc\1660267 | ||
| 005 | 20250619010100.0 | ||
| 035 | _a(NLR Aleph) 004769833 | ||
| 090 |
_a4623443 _c4623443 |
||
| 100 | _a20061002d1890 |||y0rusy50 ca | ||
| 101 | 1 |
_arus _cfre |
|
| 102 | _aRU | ||
| 105 | _aac z ||||| | ||
| 200 | 1 |
_aЭйфелева башня _d(La tour Eiffel) _fГ. Тиссандье _gС 34 рис., портр. и автогр. Г. Эйфеля _gПер. с фр. под ред. Ю.Н. Эрлиха _iПроект _iРаботы по постройке _iПодъемы _iНазначение башни _zfre |
|
| 210 |
_aСанкт-Петербург _cФ. Павленков _d1890 |
||
| 215 |
_a83 с. _cфронт. (портр.), ил. _d19 |
||
| 510 | 0 |
_a(La tour Eiffel) _zfre |
|
| 700 | 1 |
_aТиссандье _bГ. _f1843-1899 _gГастон |
|
| 702 | 1 |
_aЭрлих _bЮ.Н. _f1853- _gЮлий Николаевич _4340 |
|
| 702 | 1 |
_aЭйфель _bГ. _f1832-1923 _gГюстав _4440 |
|
| 801 | 0 |
_aRU _bNLR _gpsbo |
|
| 801 | 0 |
_aRU _bRuMoRGB _2psbo |
|
| 801 | 1 |
_aRU _bProSoft-M _2rusmarc |
|
| 852 |
_aNLR _j18.276.6.401 |
||
| 899 |
_aRuMoRGB _jA 183/889 |
||
| 899 |
_aRuMoRGB _jU 441/260 |
||
| 899 | _aБАН | ||
| 899 | _aГПИБ | ||
| 942 | _cBOOK | ||
| 980 | _aNB | ||